Integrated Optics

Bibliographic Details
Main Author: Kneppo, Ivan, 1938- (Author)
Format: Article
Language:Slovak
Subjects:

MARC

LEADER 00000nab a2200000 a 4500
001 vtls000074015
003 SK-MaSNL
005 20260304165955.0
008 250422c1980 xo 0 slo
015 |a SNBRB19rr/mm-uuuuu 
035 |a CL0084116 
035 |a urn:nbn:sk:snk-abcz25 
035 |a (urnnbn)urn:nbn:sk:snk:ar-006tqj 
035 |a (uuid)3b035a04-cc67-4043-b933-a811730bfc37 
040 |a SNKBUCL  |b slo  |c SNKBUCL  |e AACR2 
041 0 |a slo 
044 |a xo  |c SK 
080 |a 535  |2 1981 
080 |a 537  |2 1981 
080 |a 621.37  |2 1981 
100 1 |a Kneppo, Ivan,  |d 1938-  |4 aut  |9 101915 
245 1 0 |a Integrated Optics  |c I. Kneppo 
650 0 7 |a integrovaná optika  |2 snkbucl  |9 69355 
650 0 7 |a optické žiarenie  |2 snkbucl  |9 142056 
655 7 |a články z novín a časopisov  |2 snkbucl  |9 267496 
773 0 |t Elektrotechnický časopis  |g Roč. 31, č. 7 (1980), s. 581-582 
787 0 8 |i Rec.:  |t Integrated Optics  |d Berlin-Heidelberg-New York : Springer-Verlag, 1979 
850 |a Slovenská národná knižnica 
852 |a Slovenská národná knižnica 
954 |a odborná, vedecká literatúra pôvodná (slovenská)  |2 lita 
958 |a article17 
958 |a RK 
958 |a OND 
958 |a EUIPO 
992 |a RBX 
999 |c 2986465  |d 2988395